| 000 | 00551nam a2200205 a 4500 | ||
|---|---|---|---|
| 001 | BRCA_3565 | ||
| 005 | 20190320204333.0 | ||
| 008 | 040809s1962----nyua---###---#000-0#eng-# | ||
| 041 | _aeng | ||
| 044 | _anyu | ||
| 050 | 4 |
_aPN4874 _b.S65 1962 |
|
| 100 | 1 |
_aSmith, Harry Allen _99258 |
|
| 245 | 1 | 0 |
_aTo hell in a handbasket _cH. Allen Smith. |
| 260 |
_aGarden City, New York _bDoubleday _c1962 |
||
| 300 |
_a341 p. _bil. _c22 cm. |
||
| 500 | _aB233 | ||
| 650 | 1 | 4 |
_aPeriodistas _xCorrespondencia, memorias, etc. _99259 |
| 902 | _aGFM | ||
| 942 |
_2lcc _cB |
||
| 999 |
_c3300 _d3300 |
||